| 000 | 01054cam a22003257a 4500 | ||
|---|---|---|---|
| 003 | CHAP | ||
| 005 | 20220817043929.0 | ||
| 008 | 040312d2003 it a rn 00110 eng d | ||
| 010 | _a88162 | ||
| 011 | _a89134 | ||
| 020 | _a9252049827 | ||
| 035 | _a99683 | ||
| 040 | _cCHAP | ||
| 082 | 0 | 4 |
_a634.90913 _bF37 |
| 110 | 2 | _aFAO | |
| 245 | 1 | 0 |
_aCode régional d'exploitation forestiére a faible impact dans les forêts denses tropicales humides d'afrique centrale et de l'ouest _c/by FAO |
| 260 |
_aRome : _bFAO, _c2003. |
||
| 300 |
_a131 p. : _bilus. ; mapas |
||
| 590 |
_aBATCH-UPD _b10 _c20130110 _lUCH01 _h1653 |
||
| 590 |
_aBATCH-UPD _b10 _c20130410 _lUCH01 _h1042 |
||
| 590 |
_aBATCH-UPD _b10 _c20130914 _lUCH01 _h0722 |
||
| 590 |
_aCONVERSION _b10 _c20130109 _lUCH01 _h1349 |
||
| 650 | 1 | 4 |
_aBosques _xAfrica. _914045 |
| 650 | 1 | 4 |
_aBosques _xExplotación. _914173 |
| 650 | 1 | 4 |
_aBosques _xTrópicos. _914401 |
| 901 | _aBK | ||
| 905 | _aAlejandra Carrasco M. | ||
| 942 | _cLIBRO | ||
| 949 |
_a634.90913 F37 _bBC _cFAO _d33724000922308 _eFAO1 _h104510 _i99683 _sb |
||
| 999 |
_c88162 _d88162 |
||